[Event "45th Olympiad 2024"]
[Site "Budapest HUN"]
[Date "2024.09.22"]
[Round "11.32"]
[Board "2"]
[White "Valdes Romero, Leonardo"]
[Black "Siddharth, Jagadeesh"]
[Result "1/2-1/2"]
[WhiteElo "2347"]
[BlackElo "2514"]
[PlyCount "224"]
[EventDate "2024.09.11"]
[WhiteTeam "Costa Rica"]
[BlackTeam "Singapore"]
[WhiteTeamCountry "CRI"]
[BlackTeamCountry "SIN"]

1. Nf3 d5 2. g3 Nc6 3. d4 Bf5 4. Bg2 Nb4 5. Na3 e6 6. O-O Be7 7. Ne5 Nf6 8. c3 Nc6 9. Qa4 O-O 10. Nxc6 bxc6 11. Qxc6 Rb8 12. Qa4 ({RR} 12. c4 Qc8 13. Qa4 c5 14. Nb5 Qc6 15. dxc5 Bxc5 16. Nc3 Qxa4 17. Nxa4 Bd4 18. e3 Be5 19. f4 Bc7 20. cxd5 exd5 21. Nc3 Rfd8 22. Rd1 Bg4 23. Rd3 Bf5 24. Rd1 Bg4 25. Rd3 Bf5 26. Rd1 {½-½ Milliet,S (2348)-Vaishali,R (2498) Olympiad Women 2024 (4.1)}) 12... h5 13. Nc2 h4 14. Nb4 Bd6 $146 ({RR} 14... h3 15. Bf3 Ne4 16. Bxe4 Bxe4 17. Nc6 Qd7 18. b3 Bd6 19. Nxb8 Qxa4 20. bxa4 Rxb8 21. f3 Bf5 22. Bf4 Rb2 23. Bxd6 cxd6 24. Rf2 Rb6 25. Rc1 g5 26. g4 Bg6 27. e3 Bd3 28. Rd2 Bc4 29. Kf2 {1-0 Grischuk,A (2745)-Duda,J (2731) chess.com SpeedChess Q2KO 2022 (1.6)}) 15. Qd1 h3 16. Bf3 Qd7 17. Nd3 Ne4 18. Be3 f6 19. Rc1 e5 20. c4 dxc4 21. dxe5 fxe5 22. Rxc4 Nf6 23. Nc5 Qf7 24. b3 Qg6 25. Qc1 e4 26. Nxe4 Nxe4 27. Rxe4 Bxe4 28. Qc4+ Kh8 29. Qxe4 Qxe4 30. Bxe4 a5 31. Bc6 Rf7 32. Rd1 Re7 33. Rd5 Re5 34. Rd1 Bc5 35. Bxc5 Rxc5 36. Be4 g5 37. f3 a4 38. bxa4 Rb2 39. Kf2 Rxa2 40. Rd8+ Kg7 41. Rd7+ Kf6 42. Rh7 Rxa4 43. Rxh3 Re5 44. Rh6+ Ke7 45. h4 gxh4 46. Rxh4 c5 47. Ke3 Kd6 48. Rh8 c4 49. Kd4 c3+ 50. Kxc3 Rexe4 51. fxe4 Ra3+ 52. Kd4 Rxg3 53. e5+ Ke6 54. Rh6+ Ke7 55. Kd5 Ra3 56. Rh7+ Ke8 57. Ke6 Ra6+ 58. Kf5 Rb6 59. e4 Ra6 60. Rb7 Rc6 61. Rb8+ Ke7 62. Rg8 Ra6 63. Rg7+ Ke8 64. Rg6 Ra4 65. Rb6 Ke7 66. Rb7+ Ke8 67. Rh7 Ra6 68. Rg7 Ra4 69. Rg6 Ke7 70. Re6+ Kf7 71. Rb6 Ke7 72. Rb7+ Ke8 73. Kf6 Rxe4 74. Ke6 Kf8 75. Rb8+ Kg7 76. Re8 Ra4 77. Rd8 Ra6+ 78. Ke7 Ra7+ 79. Rd7 Ra8 80. e6 Kg6 81. Rb7 Kg7 82. Rc7 Kg6 83. Rd7 Kg7 84. Rd8 Ra7+ 85. Rd7 Ra8 86. Rc7 Kg6 87. Rb7 Kg7 88. Rd7 Kg6 89. Rd8 Ra7+ 90. Kd6 Ra6+ 91. Ke5 Ra5+ 92. Rd5 Ra1 93. Rd2 Ra5+ 94. Kd6 Ra6+ 95. Ke7 Ra7+ 96. Kf8 Ra8+ 97. Ke7 Ra7+ 98. Kd6 Ra6+ 99. Ke5 Ra5+ 100. Rd5 Ra1 101. Rd8 Ra5+ 102. Kd6 Ra6+ 103. Ke7 Ra7+ 104. Rd7 Ra8 105. Rd6 Kg7 106. Rd2 Ra7+ 107. Kd8 Kf6 108. e7 Ra8+ 109. Kd7 Ra7+ 110. Kd6 Ra6+ 111. Kd7 Ra7+ 112. Kd8 Ra8+ 1/2-1/2

[Event "45th Olympiad 2024"]
[Site "Budapest HUN"]
[Date "2024.09.22"]
[Round "11.32"]
[Board "3"]
[White "Wong, Zhenyong Jayden"]
[Black "Jimenez Garcia, Emmanuel"]
[Result "1/2-1/2"]
[WhiteElo "2397"]
[BlackElo "2352"]
[PlyCount "90"]
[EventDate "2024.09.11"]
[WhiteTeam "Singapore"]
[BlackTeam "Costa Rica"]
[WhiteTeamCountry "SIN"]
[BlackTeamCountry "CRI"]

1. d4 Nf6 2. c4 e6 3. Nc3 Bb4 4. e3 b6 5. Nge2 Ne4 6. Qc2 Bb7 7. a3 Bxc3+ 8. Nxc3 Nxc3 9. Qxc3 Qh4 ({RR} 9... d6 10. b3 Qh4 11. Bb2 Be4 12. Qd2 g5 13. h3 g4 14. O-O-O Rg8 15. Qe2 Qh5 16. Rg1 Nd7 17. Qe1 gxh3 18. Be2 Qh6 19. gxh3 O-O-O 20. Rg4 f5 21. Rxg8 Rxg8 22. h4 Rg2 23. h5 f4 24. f3 {0-1 Erigaisi,A (2722)-Rapport,R (2740) 85th Tata Steel Masters 2023 (9.7)}) 10. b4 d6 11. d5 ({RR} 11. c5 O-O 12. Bb2 Bd5 13. cxd6 cxd6 14. Qc7 Rd8 15. b5 Na6 16. Qc2 Rac8 17. Qa4 Nc5 18. Qd1 Nb3 19. Rb1 Be4 20. Bd3 Bxg2 21. Rg1 Qxh2 22. Rxg2 Qxg2 23. Qxb3 d5 24. Rc1 h5 25. Rc6 h4 {0-1 Horvath,M (1983)-Dolzhykova,K (2259) Int Open ch-GER Women 2024 (1.9)}) 11... Qf6 $146 ({RR} 11... Nd7 12. Qxg7 O-O-O 13. Qd4 Qxd4 14. exd4 exd5 15. f3 Nf8 16. cxd5 Bxd5 17. Bd3 h5 18. Kf2 Ne6 19. Be3 h4 20. g4 hxg3+ 21. hxg3 f6 22. Bf5 Kb7 23. g4 Ng5 24. Bxg5 fxg5 25. Rae1 Rxh1 26. Rxh1 {½-½ Zilberman,Y (2439)-Soffer,R (2459) Herzliya Slutsky Memorial 2009 (4)}) ({RR} 11... Nd7 12. Qxg7 O-O-O 13. Qd4 Qxd4 14. exd4 exd5 15. f3 Nf8 16. Kf2 Ne6 17. Bd3 h5 18. h4 c5 19. cxd5 Bxd5 20. dxc5 dxc5 21. Bf5 Kb7 22. Bb2 Nd4 23. Bxd4 cxd4 24. Rhd1 Bb3 25. Rd2 Rhe8 26. Rc1 {1-0 Bykhovsky,A (2455)-Bar,R (2433) Tel Aviv 2002 (8)}) ({RR} 11... Nd7 12. Bb2 O-O-O 13. Rd1 Nf6 14. Qc2 exd5 15. Qf5+ Kb8 16. cxd5 Rde8 17. g3 Qh6 18. Be2 Qg6 19. Qxg6 hxg6 20. Bf3 Rh3 21. Kf1 Reh8 22. Kg1 Bc8 {½-½ Yezersky,V (2266)-Vovsha,E (2353) Dov Porath Memorial 2000 (1)}) 12. Bb2 Qxc3+ 13. Bxc3 O-O 14. dxe6 fxe6 15. f3 Nd7 16. Be2 a5 17. Kd2 axb4 18. axb4 Rxa1 19. Rxa1 Ra8 20. Rxa8+ Bxa8 21. h4 e5 22. Ke1 Kf7 23. Kf2 h6 24. g4 g5 25. Kg3 Nf6 26. Bd1 Bc6 27. h5 Bd7 28. Bb2 b5 29. cxb5 Bxb5 30. Bb3+ Ke7 31. Bc3 Bd7 32. Bc2 Be6 33. Bd2 e4 34. Bxe4 Bxg4 35. Bg6 Bxh5 36. Bxh5 Nxh5+ 37. Kg4 Nf6+ 38. Kf5 c6 39. e4 Nd7 40. f4 gxf4 41. Bxf4 h5 42. Bg5+ Kf7 43. Bf4 Ke7 44. Bg5+ Kf7 45. Bf4 Ke7 1/2-1/2

[Event "45th Olympiad 2024"]
[Site "Budapest HUN"]
[Date "2024.09.22"]
[Round "11.32"]
[Board "4"]
[White "Cabezas Solano, David Alejandro"]
[Black "Chia, Yu Zhe Ashton"]
[Result "1/2-1/2"]
[WhiteElo "2248"]
[BlackElo "2224"]
[PlyCount "116"]
[EventDate "2024.09.11"]
[WhiteTeam "Costa Rica"]
[BlackTeam "Singapore"]
[WhiteTeamCountry "CRI"]
[BlackTeamCountry "SIN"]

1. Nf3 Nf6 2. c4 b6 3. g3 Bb7 4. Bg2 g6 5. O-O Bg7 6. d4 O-O 7. d5 Na6 8. Nc3 Nc5 9. Qc2 d6 ({RR} 9... c6 10. e4 cxd5 11. exd5 e6 12. dxe6 dxe6 13. Rd1 Qe7 14. Bf4 Rfd8 15. Be5 a5 16. b3 Rxd1+ 17. Rxd1 Rd8 18. Ne1 Bxg2 19. Kxg2 Rxd1 20. Qxd1 Qb7+ 21. Qf3 Qxf3+ 22. Kxf3 Nfd7 23. Bxg7 Kxg7 24. Ke3 {½-½ Giri,A (2745)-Carlsen,M (2830) Superbet POL Blitz 2024 (17.5)}) ({RR} 9... Ne8 10. Rd1 a5 11. Nd4 Nd6 12. b3 e5 13. Ndb5 Nxb5 14. Nxb5 d6 15. Bb2 f5 16. a3 f4 17. b4 Na6 18. Bc3 axb4 19. axb4 Bc8 20. Ra3 fxg3 21. hxg3 Qf6 22. e4 h5 23. Rda1 h4 24. Qe2 {1-0 Gorovets,A (2493)-Bortnyk,O (2608) Titled Tue 23rd Jan Late 2024 (8)}) 10. Rd1 e5 $146 ({RR} 10... a5 11. e4 e5 12. h3 Bc8 13. b3 Kh8 14. a3 a4 15. b4 Nb3 16. Rb1 Nxc1 17. Rbxc1 Ng8 18. c5 bxc5 19. bxc5 f5 20. cxd6 cxd6 21. Nd2 f4 22. Nb5 fxg3 23. fxg3 Qb6+ 24. Kh2 Qxb5 25. Nc4 {0-1 Javakhadze,Z (2457)-Daneshvar,B (2591) Titled Tue 31st Oct Late 2023 (11)}) 11. b4 Ncd7 12. Rb1 Qe7 13. h3 h6 14. e4 Nh5 15. Nb5 a6 16. Nc3 f5 17. exf5 gxf5 18. Nh4 Qf7 19. Nxf5 Qxf5 20. Qxf5 Rxf5 21. g4 Rf4 22. gxh5 Rxc4 23. Ne4 Rf8 24. Be3 Nf6 25. Nxf6+ Rxf6 26. Rdc1 Rxc1+ 27. Rxc1 Rf7 28. a4 Re7 29. Be4 Kf7 30. a5 b5 31. Kh2 Ke8 32. Rg1 Kd7 33. Rg6 Rf7 34. Kg3 c6 35. Bc5 Bf8 36. dxc6+ Bxc6 37. Bxc6+ Kxc6 38. Be3 Rh7 39. Kg4 Rf7 40. f4 Kd5 41. f5 Ke4 42. Bxh6 Bxh6 43. Rxh6 d5 44. Rxa6 Rd7 45. f6 d4 46. f7 Rxf7 47. Rd6 Rg7+ 48. Kh4 Kd3 49. h6 Re7 50. Kg5 e4 51. Kf6 Re8 52. Kf7 Ra8 53. h7 e3 54. Kg7 e2 55. Re6 Ra7+ 56. Kg6 Ra8 57. Kg7 Ra7+ 58. Kg8 Ra8+ 1/2-1/2

[Event "45th Olympiad 2024"]
[Site "Budapest HUN"]
[Date "2024.09.22"]
[Round "11.33"]
[Board "1"]
[White "Cori, Jorge"]
[Black "Camacho Collados, Jose"]
[Result "1-0"]
[WhiteElo "2609"]
[BlackElo "2352"]
[PlyCount "63"]
[EventDate "2024.09.11"]
[WhiteTeam "Peru"]
[BlackTeam "Wales"]
[WhiteTeamCountry "PER"]
[BlackTeamCountry "WLS"]

1. c4 b6 2. b3 Bb7 3. Bb2 Nf6 4. Nf3 g6 5. Nc3 $146 ({RR} 5. e3 Bg7 6. Be2 O-O 7. d3 e6 8. a3 c5 9. Qc2 d5 10. Nbd2 Qe7 11. O-O Rd8 12. Rfe1 Nc6 13. Rac1 Rac8 14. Qb1 d4 15. exd4 cxd4 16. b4 e5 17. Bf1 Ng4 18. h3 Nh6 19. b5 Na5 {1-0 Doroodgar,A (2302)-Mahdavi,R (2389) Titled Tue 11th Jun Late 2024 (3)}) ({RR} 5. e3 Bg7 6. Be2 c5 7. O-O d5 8. cxd5 O-O 9. Qc2 Qxd5 10. Nc3 Qd7 11. Rac1 Nc6 12. Qb1 Rad8 13. Rfd1 Ng4 14. h3 Nge5 15. Ne1 f5 16. d4 cxd4 17. Nb5 Nf7 18. Nxd4 Nxd4 19. Bxd4 Bxd4 {½-½ Yu,Y (2738)-Xu,X (2583) CHN-chT Daqing 2019 (4.1)}) ({RR} 5. Bxf6 exf6 6. Nc3 Bg7 7. e3 O-O 8. g3 f5 9. Bg2 Na6 10. O-O Nc5 11. Rc1 a6 12. d3 a5 13. a3 Qe7 14. Qc2 h5 15. Nd5 Qd6 16. Rfd1 Ne6 17. a4 Rab8 18. d4 Bxd5 19. cxd5 Qxd5 {½-½ Deleyn,G (2315)-Van der Werf,M (2365) Sas van Gent Euwe Memorial 1990 (4)}) 5... Bg7 6. Qc2 O-O 7. h4 c5 8. h5 Nc6 9. hxg6 fxg6 10. e3 e6 11. Be2 Ne7 12. d4 cxd4 13. Nxd4 Nf5 14. Nxf5 gxf5 15. Bf3 Bc6 16. O-O-O Qe7 17. Kb1 Rac8 18. Bxc6 dxc6 19. f3 b5 20. g4 bxc4 21. gxf5 cxb3 22. axb3 exf5 23. Ne2 Ne8 24. Nd4 Qf7 25. Rdg1 c5 26. Rg5 cxd4 27. Qxc8 Qxb3 28. Rhg1 Qxe3 29. Qc4+ Kh8 30. Rxg7 Nxg7 31. Bxd4 Rb8+ 32. Kc2 1-0

[Event "45th Olympiad 2024"]
[Site "Budapest HUN"]
[Date "2024.09.22"]
[Round "11.33"]
[Board "2"]
[White "Kozusek, Daniel"]
[Black "Leiva, Gianmarco"]
[Result "1/2-1/2"]
[WhiteElo "2367"]
[BlackElo "2389"]
[PlyCount "46"]
[EventDate "2024.09.11"]
[WhiteTeam "Wales"]
[BlackTeam "Peru"]
[WhiteTeamCountry "WLS"]
[BlackTeamCountry "PER"]

1. d4 Nf6 2. c4 e6 3. Nf3 d5 4. Nc3 c6 5. g3 dxc4 6. Bg2 b5 7. Ne5 Nd5 8. O-O Bb7 9. a4 a6 10. axb5 axb5 11. Rxa8 Bxa8 12. e4 Nxc3 13. bxc3 Nd7 14. Nxd7 $146 ({RR} 14. Bf4 Bb7 15. Qh5 g6 16. Qf3 f6 17. Nxd7 Qxd7 {½-½ Wells,P (2517)-Haslinger,S (2468) South Wales op 4th 2007 (3)}) ({RR} 14. Bf4 Nxe5 15. Bxe5 f6 16. Bf4 Kf7 17. Qe2 Be7 18. Ra1 Re8 19. Ra7 Kg8 20. Bc7 Qc8 21. e5 Bb7 22. Bb6 f5 23. Qa2 Qd7 24. Qa5 Rc8 25. Kf1 Kf7 26. h4 g6 27. Bf3 h6 28. Ke2 Kg7 {½-½ Hintze,H (2231)-Matthias,H (2310) NRW Class1 1415 2014 (5.2)}) 14... Qxd7 15. e5 Bb7 16. Qf3 h6 17. h4 Be7 18. Qg4 g6 19. h5 g5 20. Qe4 Qd5 21. Qg4 Qd7 22. Qe4 Qd5 23. Qg4 Qd7 1/2-1/2

[Event "45th Olympiad 2024"]
[Site "Budapest HUN"]
[Date "2024.09.22"]
[Round "11.33"]
[Board "3"]
[White "Flores Quillas, Diego Saul Rodri"]
[Black "Blackburn, Jonathan L B"]
[Result "1-0"]
[WhiteElo "2451"]
[BlackElo "2202"]
[PlyCount "57"]
[EventDate "2024.09.11"]
[WhiteTeam "Peru"]
[BlackTeam "Wales"]
[WhiteTeamCountry "PER"]
[BlackTeamCountry "WLS"]

1. e4 {Finkel,Alexander} e6 2. d4 d5 3. Nc3 Nf6 4. Bg5 dxe4 5. Nxe4 Be7 6. Bxf6 gxf6 7. Nf3 f5 8. Nc3 a6 9. g3 b5 10. Bg2 Bb7 11. Qe2 ({RR} 11. O-O c5 ({RR} 11... Qd6 12. Ne5 Bxg2 13. Kxg2 O-O 14. Qf3 Ra7 15. Rad1 c5 16. Qe3 b4 17. Ne2 Nc6 18. Nxc6 Qxc6+ 19. d5 exd5 20. Qf3) ({RR} 11... O-O 12. Ne5 Bxg2 13. Kxg2 b4 14. Qf3 c6 15. Ne2 Qd5 16. Rfd1 Ra7 17. Nf4 Qxf3+ 18. Kxf3 Rc8 19. Rg1 Bd6 20. g4 fxg4+ 21. Rxg4+ Kh8 22. Rag1) 12. d5 ({RR} 12. Ne2 O-O 13. c3 Nd7 14. Qd2 Nf6 ({RR} 14... Bf6 15. Rad1 Qc7 16. Qh6 Bg7 17. Qh4 Rad8 18. Nf4 Nf6) 15. Rad1 Qc7 16. dxc5 Qxc5 17. Qh6 Ng4) ({RR} 12. dxc5 Qxd1 13. Rfxd1 Bxc5 14. Ne5 Ra7 15. Rd3 Bxg2 16. Kxg2 Ke7 17. Rad1 Rc8 18. Ne2 f6 19. Nf3 Nd7 20. Nf4 Ne5) 12... b4 13. dxe6 bxc3 ({RR} 13... fxe6 14. Qe2 bxc3 15. Ne5) 14. exf7+ Kf8 ({RR} 14... Kxf7 15. Ne5+ Kf6 16. Qh5 Bxg2 17. Qh6+ Kxe5 18. Rad1) 15. Qe2 cxb2 16. Rad1 Qb6 17. Rfe1 Qf6 ({RR} 17... Be4 18. Ng5) 18. c3 Be4 ({RR} 18... Nc6 19. Qxb2 Rb8 20. Nh4) 19. Nh4 Nc6 20. Bxe4 fxe4 21. Qxe4 Rd8 ({RR} 21... Rb8 22. Rb1 Rb6 ({RR} 22... Kxf7 23. Qd5+ Kf8 24. Re6) 23. Nf5 Qxf7 24. Qf4) 22. Rb1 Rd2 23. Nf3 Rd6 24. Rxb2 Kxf7 25. Rb6 Ke8 {1-0 Ivanchuk,V (2752)-Volkov,S (2622) EU-Cup 21st Saint Vincent 2005 (6.2)}) 11... c5 12. dxc5 ({RR} 12. O-O-O b4 13. Na4 Qa5 14. b3 cxd4 15. Rxd4 Nc6 16. Rd2 O-O 17. Rhd1 Rad8 18. Ne1 Rxd2 19. Rxd2 Rd8 20. Rxd8+ Qxd8 21. Qd2 Qc7 22. f4 Bf6 23. Nd3 Nd4 24. Nac5 Bxg2 25. Qxg2 Qa5 26. Qa8+ Kg7 {0-1 Flores Quillas,D (2359)-Bluebaum,M (2661) Titled Tue 7th Mar Late 2023 (2)}) 12... b4 $146 ({RR} 12... Bxc5 13. Qe5 O-O 14. Qxc5 Nd7 15. Qd6 Nf6 16. Qxd8 Rfxd8 17. O-O Rac8 18. Rfd1 Rxd1+ 19. Rxd1 b4 20. Na4 Rxc2 21. Nd4 Rc7 22. Bxb7 Rxb7 23. Nc5 Rb6 24. Kg2 Rd6 25. Rd3 a5 26. Ndb3 Rc6 27. Rd8+ {1-0 Beerdsen,T (2502)-Bluebaum,M (2655) Titled Tue 23rd Jan Early 2024 (8)}) 13. Na4 Qa5 14. b3 Bc6 15. O-O Bxa4 16. bxa4 Ra7 17. Nd4 Qxc5 18. Nxe6 fxe6 19. Qxe6 Rd7 20. Rad1 Rf8 21. Rxd7 Nxd7 22. Rd1 Nb8 23. Bf3 Rf6 24. Qg8+ Bf8 25. Bh5+ Ke7 26. Qxh7+ Ke6 27. Qb7 Bd6 28. Re1+ Be5 29. Qxb8 1-0

[Event "45th Olympiad 2024"]
[Site "Budapest HUN"]
[Date "2024.09.22"]
[Round "11.33"]
[Board "4"]
[White "Bullen, Alex"]
[Black "Fernandez Sanchez, Fernando Miguel"]
[Result "0-1"]
[WhiteElo "2155"]
[BlackElo "2399"]
[PlyCount "86"]
[EventDate "2024.09.11"]
[WhiteTeam "Wales"]
[BlackTeam "Peru"]
[WhiteTeamCountry "WLS"]
[BlackTeamCountry "PER"]

1. d4 Nf6 2. Nf3 g6 3. g3 Bg7 4. Bg2 c5 5. dxc5 Qa5+ 6. c3 Qxc5 7. O-O O-O 8. Be3 ({RR} 8. Nbd2 Qc7 9. Nb3 Nc6 10. Bf4 e5 11. Bg5 d6 12. Qc1 Re8 13. Rd1 Be6 14. Bh6 Bh8 15. Ng5 Bc4 16. Nd2 Bxe2 17. Re1 Ba6 18. Nde4 Ng4 19. Nf3 f5 20. Nfg5 Nxh6 21. Nd2 Bf6 22. Bd5+ Kh8 {0-1 Yelisieiev,Y (2407)-Sychev,K (2537) Titled Tue 16th Jul Early 2024 (3)}) 8... Qc7 9. Na3 Nc6 10. h3 $146 ({RR} 10. Nb5 Qa5 11. a4 Ng4 12. Bf4 d6 13. h3 Nge5 14. Nxe5 Nxe5 15. Bg5 a6 16. b4 Qd8 17. Nd4 h6 18. Bc1 d5 19. Qb3 e6 20. e4 dxe4 21. Bxe4 Qc7 22. Bf4 g5 23. Bxe5 Bxe5 24. Rad1 Bd7 {1-0 Bashkite,V (2052)-Polonski,V Keres Memorial op 2000 (3)}) 10... d5 11. Qd2 Rd8 12. Rad1 e5 13. Bg5 Be6 14. Nh2 Rd7 15. Bxf6 Bxf6 16. e4 dxe4 17. Qc2 Rad8 18. g4 Bg5 19. Rxd7 Rxd7 20. Bxe4 Rd2 21. Qb1 Qb6 22. Nc2 Bc4 23. Nf3 Bxf1 24. Nxd2 Bxd2 25. Kxf1 Bxc3 26. b3 Bd4 27. Qe1 Qa6+ 28. Kg2 Qxa2 29. Bxc6 Qxc2 30. Bxb7 Qxb3 31. Qe4 Qb2 32. Qf3 Bxf2 33. Bd5 Be3+ 34. Kf1 Bf4 35. g5 Qc1+ 36. Kg2 Qc2+ 37. Kf1 Qf5 38. h4 Kg7 39. Be4 Qd7 40. Bd5 h6 41. gxh6+ Kxh6 42. Bc4 Qc7 43. Be2 Qc1+ 0-1

[Event "45th Olympiad 2024"]
[Site "Budapest HUN"]
[Date "2024.09.22"]
[Round "11.34"]
[Board "1"]
[White "Ferreira, Jorge Viterbo"]
[Black "Santos Flores, Alberto"]
[Result "1/2-1/2"]
[WhiteElo "2535"]
[BlackElo "2168"]
[PlyCount "75"]
[EventDate "2024.09.11"]
[WhiteTeam "Portugal"]
[BlackTeam "Ecuador"]
[WhiteTeamCountry "POR"]
[BlackTeamCountry "ECU"]

1. d4 d5 2. c4 c6 3. cxd5 cxd5 4. Bf4 Nf6 5. Nc3 Nc6 6. e3 Bf5 7. Qb3 Na5 8. Qa4+ Bd7 9. Qc2 e6 10. Bd3 Rc8 11. Nf3 Be7 12. h3 b5 13. a3 Nc4 14. O-O ({RR} 14. Qe2 a6 15. O-O O-O 16. Rfc1 Qa5 17. Ne5 Rfd8 18. Nd1 Be8 19. a4 Qb4 20. axb5 Bxb5 21. Nc3 Nxe5 22. Bxe5 Bxd3 23. Qxd3 {½-½ Liu,H-Zhang,H (1530) Chinese Youth U12 2024 (6.7)}) 14... O-O 15. Rfc1 a5 16. Qe2 b4 $146 ({RR} 16... Qb6 17. Ne5 a4 18. Bg5 Qd6 19. f4 h6 20. Bh4 Rfd8 21. g4 Be8 22. Bg3 b4 23. axb4 Qxb4 24. Nxc4 dxc4 25. Bc2 Ra8 26. Be1 Qb7 27. Qxc4 Qf3 28. Qf1 Qxe3+ 29. Bf2 Qxf4 30. Qd3 Bd6 31. Kf1 {0-1 Alle,A (2163)-Lundberg,D (2105) Taastrup Quick Weekend-A 18th 2013 (3)}) ({RR} 16... a4 17. Ne5 Be8 18. Rd1 Qa5 19. Rac1 Nd6 20. Bb1 Nc4 21. Nxc4 bxc4 22. e4 Bc6 23. e5 Ne8 24. Na2 Qb6 25. Rc3 g6 26. h4 Ng7 27. Bg5 f6 28. exf6 Bxf6 29. Bxf6 Rxf6 30. Qe5 Rcf8 31. Rd2 {½-½ Goryachkina,A (2451)-Mirzoeva,E (2220) Moscow op-B (Women) 2015 (6)}) ({RR} 16... Qb6 17. Ne5 Rfd8 18. a4 bxa4 19. Nxc4 dxc4 20. Bxc4 Qb4 21. Ba6 Ra8 22. Bc7 Re8 23. Be5 Ra7 24. Bb5 Rc8 25. Bxf6 gxf6 26. Nd5 Rxc1+ 27. Rxc1 Qd6 28. Nxe7+ Qxe7 29. Rc5 Rb7 30. Bxd7 Qxd7 31. Rxa5 {1-0 Kvetny,M (2387)-Dobosz,H (2390) AUT-chT 1617 2016 (3.4)}) 17. axb4 axb4 18. Nd1 Nd6 19. Ne5 Rxc1 20. Rxc1 Qb6 21. Nxd7 Nxd7 22. b3 h6 23. Bb1 Nf6 24. Nb2 Rc8 25. Rxc8+ Nxc8 26. Qc2 Na7 27. Nd3 Qc6 28. Ne5 Qxc2 29. Bxc2 Ne4 30. f3 Nc3 31. Kf2 g5 32. Bh2 Bd6 33. Nc6 Bxh2 34. Nxa7 Bd6 35. Bd3 f6 36. Ke1 Kf7 37. Kd2 Ke8 38. Nb5 1/2-1/2

[Event "45th Olympiad 2024"]
[Site "Budapest HUN"]
[Date "2024.09.22"]
[Round "11.34"]
[Board "2"]
[White "Noboa Silva, Kevin"]
[Black "Pereira, Ruben"]
[Result "1-0"]
[WhiteElo "2270"]
[BlackElo "2457"]
[PlyCount "155"]
[EventDate "2024.09.11"]
[WhiteTeam "Ecuador"]
[BlackTeam "Portugal"]
[WhiteTeamCountry "ECU"]
[BlackTeamCountry "POR"]

1. d4 e6 2. c4 d5 3. Nc3 Nf6 4. cxd5 exd5 5. Bg5 c6 6. e3 h6 7. Bh4 Be7 8. Bd3 O-O 9. Nge2 Ne8 10. Bg3 Nd6 11. Qc2 Re8 12. O-O Bf8 13. h3 a5 14. a3 Na6 15. Kh1 Bd7 16. Ng1 Rc8 $146 ({RR} 16... b5 17. Nf3 Nc4 18. e4 dxe4 19. Bxe4 b4 20. Bh7+ Kh8 21. Bd3 Be6 22. Ne2 Nb6 23. Nf4 Bd5 24. Ne5 Qf6 25. Qe2 Nc7 26. Qh5 Kg8 27. Nxd5 Nbxd5 28. Rac1 g6 29. Qd1 Re6 30. a4 Rd8 31. Qd2 {1-0 Dai,C (2510)-Liyanage,R (2352) 24th Dubai Open A 2024 (2.10)}) 17. Nf3 c5 18. Ne5 Be6 19. f4 f5 20. Qe2 Qb6 21. Rad1 cxd4 22. exd4 Qb3 23. Be1 Nb8 24. Bb1 Ne4 25. Bxe4 dxe4 26. d5 Rxc3 27. Bxc3 Bxd5 28. Qh5 Rd8 29. Qxf5 Nc6 30. Ng4 Rd6 31. Ne3 Ne7 32. Qh5 Bf7 33. Qe5 Nd5 34. Nxd5 Bxd5 35. Rd2 e3 36. Qxe3 Re6 37. Qg3 Qb5 38. Rfd1 Be4 39. f5 Qxf5 40. Rf2 Rg6 41. Rxf5 Rxg3 42. Rf2 Bc5 43. Bd4 Rxh3+ 44. Kg1 Rh5 45. Bxc5 Rxc5 46. Rd4 Bc6 47. Rg4 a4 48. Rd2 Kf7 49. Rg3 Rb5 50. Kf2 Rf5+ 51. Ke1 Re5+ 52. Kd1 Rf5 53. Rd6 Rf2 54. Rdg6 Rxb2 55. Rxg7+ Kf6 56. Ke1 Be4 57. Rg8 Bd5 58. R8g4 h5 59. Rg6+ Kf7 60. Rg7+ Kf6 61. Kf1 h4 62. R3g6+ Kf5 63. Rg5+ Kf6 64. R7g6+ Kf7 65. Rh6 Bc4+ 66. Kg1 b5 67. Rxh4 Rb3 68. Rh3 Kf6 69. Rc5 Ke6 70. Rh6+ Ke7 71. Rc7+ Kf8 72. Rh8+ Bg8 73. Rc8+ Ke7 74. Rhxg8 Rxa3 75. Rb8 Rb3 76. Rg6 a3 77. Rb7+ Kf8 78. Ra6 1-0

[Event "45th Olympiad 2024"]
[Site "Budapest HUN"]
[Date "2024.09.22"]
[Round "11.34"]
[Board "3"]
[White "Sousa, Andre Ventura"]
[Black "Garzon Zapatanga, Christopher Leonel"]
[Result "1/2-1/2"]
[WhiteElo "2403"]
[BlackElo "2216"]
[PlyCount "109"]
[EventDate "2024.09.11"]
[WhiteTeam "Portugal"]
[BlackTeam "Ecuador"]
[WhiteTeamCountry "POR"]
[BlackTeamCountry "ECU"]

1. e4 c5 2. Nf3 d6 3. d4 cxd4 4. Nxd4 Nf6 5. Nc3 a6 6. Bd3 e5 7. Nde2 Be7 8. O-O O-O 9. Ng3 Be6 10. Nd5 Bxd5 11. exd5 Nbd7 12. Nf5 ({RR} 12. c4 Re8 13. Be3 Rc8 14. b4 Bf8 15. f3 g6 16. Qb3 h5 17. Rac1 Qc7 18. Ne4 Nxe4 19. fxe4 Qb8 20. Qd1 b5 21. Qf3 Re7 22. c5 dxc5 23. bxc5 Nxc5 24. Rxc5 Rec7 25. Rc6 Qb7 26. Bc2 Rxc6 {1-0 Doraszelski,A (2103)-Simko,J (1756) exe Slovakia Open 2024 (1.52)}) 12... Re8 13. Nxe7+ Qxe7 14. c4 a5 $146 ({RR} 14... Rac8 15. Re1 e4 16. Bf4 Ne5 17. Bxe4 Rxc4 18. Bxe5 dxe5 19. d6 Qd7 20. Qf3 Qxd6 21. Bxb7 e4 22. Qe2 Rd4 23. Qxa6 Qf4 24. g3 Qf5 25. Rad1 Rxd1 26. Rxd1 g6 27. Qe2 Kg7 28. Bc6 Re6 29. Bb5 {0-1 Deac,B (2625)-Firouzja,A (2759) Titled Arena Apr 3rd blitz 2021}) 15. Re1 Nc5 16. Bc2 Nfd7 17. Be3 e4 18. Bd4 f5 19. f4 Qh4 20. Qd2 Nf6 21. g3 Qh6 22. Rad1 b6 23. b3 Ng4 24. Qg2 Re7 25. h3 Nf6 26. Re3 Rae8 27. Rf1 Qg6 28. Bd1 h5 29. Kh2 Qh6 30. Qd2 Nfd7 31. Qe2 g6 32. Bc2 Qf8 33. Qd2 Nd3 34. Ba1 h4 35. gxh4 Qh6 36. Rg3 N3e5 37. Qg2 Nf3+ 38. Rfxf3 exf3 39. Rxg6+ Kf8 40. Rxh6 fxg2 41. Bxf5 g1=Q+ 42. Kxg1 Re1+ 43. Kf2 Rxa1 44. Bxd7 Rxa2+ 45. Kf3 Re1 46. Ba4 Ke7 47. Kg4 Rg2+ 48. Kh5 Re4 49. Rh7+ Kf6 50. Rd7 Rxf4 51. Rxd6+ Kg7 52. Rd7+ Kf6 53. Rd6+ Kg7 54. Rd7+ Kf6 55. Rd6+ 1/2-1/2

[Event "45th Olympiad 2024"]
[Site "Budapest HUN"]
[Date "2024.09.22"]
[Round "11.34"]
[Board "4"]
[White "Mieles Palau, Daniel"]
[Black "Barria Santos, Jose Guilherme"]
[Result "1/2-1/2"]
[WhiteElo "2321"]
[BlackElo "2411"]
[PlyCount "164"]
[EventDate "2024.09.11"]
[WhiteTeam "Ecuador"]
[BlackTeam "Portugal"]
[WhiteTeamCountry "ECU"]
[BlackTeamCountry "POR"]

1. c4 Nf6 2. Nf3 g6 3. g3 Bg7 4. Bg2 O-O 5. O-O d6 6. d4 Nbd7 7. Nc3 e5 8. e4 exd4 9. Nxd4 Re8 10. h3 Nc5 11. Re1 c6 12. Bf4 Nh5 13. Be3 Nf6 14. Bf4 ({RR} 14. Qc2 a5 15. Rad1 Qe7 16. f4 Nfxe4 17. Nxe4 Nxe4 18. Bxe4 Qxe4 19. Bf2 Qxe1+ 20. Bxe1 Bxd4+ 21. Rxd4 Rxe1+ 22. Kf2 Re8 23. g4 d5 24. cxd5 cxd5 25. f5 Bd7 26. Rxd5 Bc6 27. Rd6 Rad8 28. Qd2 Rxd6 {1-0 Mamedyarov,S (2765)-Sviridov,V (2562) Titled Tuesday intern op 26th Oct blitz 2021 (10)}) ({RR} 14. Qc2 Nfd7 15. Rad1 a5 16. f4 Qc7 17. b3 Nf8 18. g4 Bd7 19. Nde2 Nxe4 20. Nxe4 f5 21. N2g3 fxe4 22. Nxe4 h5 23. Nxd6 Rxe3 24. Rxe3 hxg4 25. c5 b5 26. a4 Rd8 27. axb5 cxb5 28. Bd5+ Kh7 {1-0 Ioannidis,E (2505)-Papadopoulos,P (2106) 17th Kalamaria Open 2024 (3.1)}) 14... Nh5 15. Be3 a5 16. Qc2 $146 ({RR} 16. Qd2 a4 17. Rad1 Bf8 18. Nxc6 bxc6 19. Bxc5 Bxh3 20. Bxh3 dxc5 21. Bd7 Qf6 22. Bxe8 Rxe8 23. Nxa4 Re5 24. Nb6 Nxg3 25. fxg3 Rg5 26. Qf2 Qe6 27. Nd7 Bg7 28. e5 Qh3 29. Rd3 Rf5 30. Nf6+ Bxf6 {1-0 Sundorf,J (2170)-Kartsev,S (2198) Dortmund Sparkassen op-A 2012 (4)}) 16... Qe7 17. Rad1 a4 18. a3 Nf6 19. Bf4 Nfd7 20. Nf3 Ne5 21. Nxe5 dxe5 22. Be3 Bf8 23. Bxc5 Qxc5 24. Nxa4 Qa7 25. Nc3 Be6 26. Bf1 h5 27. h4 Kg7 28. Kg2 Be7 29. Be2 Rh8 30. Rh1 Bc5 31. f4 Rad8 32. f5 Bc8 33. Rhf1 Be7 34. Qc1 Rxd1 35. Nxd1 Qd4 36. Qe3 Qd8 37. Qf3 Bf6 38. Ne3 Qe7 39. Rd1 Rd8 40. Rxd8 Qxd8 41. c5 Qa5 42. b4 Qxa3 43. fxg6 Qxb4 44. gxf7 Qxc5 45. Nf5+ Bxf5 46. Qxf5 Kxf7 47. Qxh5+ Kg7 48. Qg4+ Kf7 49. h5 b5 50. Qg6+ Ke7 51. h6 Qc2 52. Kf3 Qb3+ 53. Kg2 Qc2 54. Kf3 Qb3+ 55. Kg4 Qe6+ 56. Qf5 Qg8+ 57. Kh5 b4 58. h7 Qf7+ 59. Qg6 b3 60. Qxf7+ Kxf7 61. Kh6 b2 62. Bc4+ Kf8 63. Ba2 Bg7+ 64. Kg6 Bh8 65. g4 Bg7 66. Kf5 Bh8 67. Ke6 Kg7 68. Kxe5 Kxh7+ 69. Kf5 Bc3 70. e5 Kg7 71. g5 Bb4 72. Bb1 Be7 73. g6 Bh4 74. Ke6 Kf8 75. Kd6 Bg3 76. Ke6 Bh4 77. Bc2 Bg5 78. Kd7 c5 79. Kd6 c4 80. Kc5 c3 81. Kd4 Bf4 82. Kxc3 Bxe5+ 1/2-1/2